书目信息 |
| 题名: |
蔬菜病虫害防治实用手册
|
|
| 作者: | 李惠明 | |
| 分册: | ||
| 出版信息: | 上海 上海科学技术出版社 2001 |
|
| 页数: | 492 | |
| 开本: | 20cm | |
| 丛书名: | ||
| 单 册: | ||
| 中图分类: | S436.3 | |
| 科图分类: | ||
| 主题词: | 植物--病虫害 , 植物--病虫害防治方法 | |
| 电子资源: | ||
| ISBN: | 7-5323-6121-7 | |
| 000 | 00586nam0 2200193 450 | |
| 001 | 0741144344 | |
| 005 | 20070817112544.34 | |
| 010 | @a7-5323-6121-7@b精装@d¥46.00 | |
| 100 | @a20070817d km y0chiy0120 ea | |
| 101 | 0 | @achi |
| 200 | 1 | @a蔬菜病虫害防治实用手册@Ashu cai bing chong hai fang zhi shi yong shou ce@f李惠明@Fli hui ming |
| 210 | @a上海@c上海科学技术出版社@d2001 | |
| 215 | @a492@c彩图@d20cm | |
| 606 | 0 | @a植物@x病虫害 |
| 606 | 0 | @a植物@x病虫害防治方法 |
| 690 | @aS436.3@v3 | |
| 701 | 0 | @a李惠明@Ali hui ming |
| 801 | 0 | @aCN@bPFT@c20070817 |
| 905 | @a213230@dS436.3@en1@f1 | |
| 蔬菜病虫害防治实用手册/李惠明.-上海:上海科学技术出版社,2001 |
| 492:彩图;20cm |
| ISBN 7-5323-6121-7(精装):¥46.00 |
| ● |
| 相关链接 |
|
|
|
|
正题名:蔬菜病虫害防治实用手册
索取号:S436.3/n1
 
预约/预借
| 序号 | 登录号 | 条形码 | 馆藏地/架位号 | 状态 | 备注 |
| 1 | 6601386 | 266013869 | 密集书库-生命科学系/ [索取号:S436.3/n1] | 在馆 |